000 00719nam a22002177a 4500
003 UA-OsUOA
001 102383
007 ta
008 20130909b un ||||| |||| 00| 0 ukr d
100 _aВоловодюк С.С.
090 _a330(477)
_bВ68
942 _cSA
040 _aUA-OsUOA
_bukr
_cUA-OsUOA
_dUA-OsUOA
245 _aВплив державних інституцій на формування конкурентоспроможності вітчизняного виробника
300 _aС.27-31
955 _a0
041 _aukr
080 _a330(477)
773 0 _w102382
_tЕкономіка. Фінанси. Право.
_dК.
_d2013
_g8
650 7 _a330 Економіка взагалі
_2UDC
999 _c388611
_d388611